000 00757nam a2200217 4500
001 143918
003 ES-MaACL
005 20230906200915.0
007 t|
008 070214s1972 sp r ||||1| spa d
100 1 _aShapiro, Edward.
_9106004
245 1 0 _aAnálisis macroecónomico /
_cEdward Shapiro ; versión española, Luis García de Diego ; prólogo, Emilio de Figueroa Martínez.
260 _aMadrid :
_bICE,
_c1972 (
_fP. López)
300 _aXVII, 694 p. ;
_c24 cm.
490 1 _aSelecciones de Economía. Serie Plata
700 1 _aGarcía de Diego, Luis.
_954420
700 1 _aFigueroa, Emilio de.
_950780
830 0 _aSelecciones de Economía. Serie Plata
_9187315
852 _aES-MaACL
_jC-48740
_bR.84476
999 _c143918
_d143918